Advances in solid-lLiquid flow in pipes and its application.
Uloženo v:
| Další autoři: | |
|---|---|
| Médium: | Neznámo |
| Vydáno: |
Sydney, Australia:
Pergamon Press,
1971.
|
| Vydání: | First edition. |
| Témata: | |
| Tagy: |
Přidat tag
Žádné tagy, Buďte první, kdo vytvoří štítek k tomuto záznamu!
|
MARC
| LEADER | 00000 a2200000 4500 | ||
|---|---|---|---|
| 003 | CL-VaPUC | ||
| 005 | 20240108160821.0 | ||
| 008 | 231211t1971 ||||| |||| 00| 0 eng d | ||
| 999 | |c 442667 |d 442665 | ||
| 020 | |a 978-1483118871 | ||
| 040 | |c Pontificia Universidad Católica de Valparaíso | ||
| 082 | 7 | |a 621.8672 ZAN 1971 |2 22 | |
| 100 | |a Zandi, Iraj |9 886344 |e editor | ||
| 245 | |a Advances in solid-lLiquid flow in pipes and its application. | ||
| 250 | |a First edition. | ||
| 260 | |a Sydney, Australia: |b Pergamon Press, |c 1971. | ||
| 300 | |a viii, 298 páginas. | ||
| 583 | |k GC |c 20231211 | ||
| 611 | |a International Symposium in Solid-Liquid Flow in Pipes ans Its Application to the Collection and Removal of Solid Wastes |d March 4-6, 1968 |e American Society of Civil Engineers |e University of Pennsylvania |9 886456 | ||
| 650 | |a Aguas residuales |x Transporte |9 886457 | ||
| 942 | |2 ddc |c BK | ||
| 952 | |0 0 |1 0 |2 ddc |4 0 |6 621_867200000000000_ZAN_1971 |7 0 |8 A |9 592800 |a BIBING |b BIBING |c GEN |d 2023-12-07 |e 1 |g 98213.63 |i 5659771 |o 621.8672 ZAN 1971 |p 5659771 |r 2025-01-20 |t 1 |v 98213.63 |w 2023-12-07 |y BK |k CIC | ||